[Event "Cappelle op 30th"]
[Site "Cappelle la Grande"]
[Date "2014.03.08"]
[Round "9"]
[White "Wan, Yunguo"]
[Black "Schmitt, Andre"]
[Result "1-0"]
[WhiteElo "2504"]
[BlackElo "2301"]
[PlyCount "55"]
[EventDate "2014.03.01"]
[EventType "swiss"]
[EventRounds "9"]
[EventCountry "FRA"]
[SourceTitle "CBM 159 Extra"]
[Source "ChessBase"]
[SourceDate "2014.04.24"]
[SourceVersion "1"]
[SourceVersionDate "2014.04.24"]
[SourceQuality "1"]

1. e4 c5 2. Nf3 Nc6 3. Bb5 Na5 4. c3 a6 5. Ba4 e6 6. 0-0 b5 7. Bc2 Bb7 8. d4 cxd4 9. cxd4 Rc8 10. Nc3 Qc7 11. Bd3 d6 12. a4 b4 13. Ne2 Nf6 14. Ng3 Be7 15. Bg5 h6 16. Bxf6 gxf6 17. Nh5 Qb6 18. Re1 Rg8 19. Rc1 Rxc1 20. Qxc1 Nc6 21. d5 exd5 22. exd5 Ne5 23. Be4 f5 24. Nxe5 fxe4 25. Nc6 f5 26. Nxe7 Kxe7 27. Qxh6 Bxd5 28. Qf6+ 1-0

[Event "Cappelle op 30th"]
[Site "Cappelle la Grande"]
[Date "2014.03.03"]
[Round "4"]
[White "Schmitt, Andre"]
[Black "Chabanon, Jean Luc"]
[Result "0-1"]
[WhiteElo "2301"]
[BlackElo "2479"]
[PlyCount "98"]
[EventDate "2014.03.01"]
[EventType "swiss"]
[EventRounds "9"]
[EventCountry "FRA"]
[SourceTitle "CBM 159 Extra"]
[Source "ChessBase"]
[SourceDate "2014.04.24"]
[SourceVersion "1"]
[SourceVersionDate "2014.04.24"]
[SourceQuality "1"]

1. Nf3 d5 2. g3 c6 3. Bg2 Bg4 4. d4 Nd7 5. Nbd2 e6 6. 0-0 Ngf6 7. Re1 Be7 8. c3 0-0 9. h3 Bh5 10. e4 b5 11. g4 Bg6 12. Ne5 Nxe5 13. dxe5 Nxe4 14. Nxe4 dxe4 15. Qe2 Bc5 16. Be3 Bxe3 17. Qxe3 Qh4 18. Rad1 Rad8 19. Bxe4 Rxd1 20. Rxd1 Bxe4 21. Qxe4 Qxh3 22. b4 Qxc3 23. Kg2 h6 24. Rd7 a5 25. bxa5 Qxa5 26. Qxc6 Qa4 27. Kg3 g5 28. Qf3 Qxa2 29. Rb7 Qb1 30. Kh2 b4 31. Rb5 Qe1 32. Kg2 Qd2 33. Qe4 Rd8 34. Qxb4 Qxb4 35. Rxb4 Rd5 36. Re4 Kg7 37. Kg3 Rd3+ 38. f3 Kg6 39. Re1 h5 40. gxh5+ Kxh5 41. Re4 Kg6 42. Ra4 Re3 43. Ra5 Re2 44. Rb5 Re1 45. Ra5 Rg1+ 46. Kf2 Rd1 47. f4 gxf4 48. Kf3 Kf5 49. Ra7 Rd3+ 0-1

[Event "Cappelle op 30th"]
[Site "Cappelle la Grande"]
[Date "2014.03.02"]
[Round "2"]
[White "Schmitt, Andre"]
[Black "Arizmendi Martinez, Julen Luis"]
[Result "1/2-1/2"]
[WhiteElo "2301"]
[BlackElo "2547"]
[PlyCount "53"]
[EventDate "2014.03.01"]
[EventType "swiss"]
[EventRounds "9"]
[EventCountry "FRA"]
[SourceTitle "CBM 159 Extra"]
[Source "ChessBase"]
[SourceDate "2014.04.24"]
[SourceVersion "1"]
[SourceVersionDate "2014.04.24"]
[SourceQuality "1"]

1. Nf3 Nf6 2. c4 e6 3. g3 d5 4. b3 Be7 5. Bb2 0-0 6. Bg2 c5 7. 0-0 Nc6 8. e3 b6 9. Nc3 dxc4 10. bxc4 Bb7 11. Qe2 Qc7 12. d3 a6 13. Ne1 Na5 14. f4 Bxg2 15. Nxg2 Qd7 16. a4 Ne8 17. g4 Rd8 18. f5 Qxd3 19. Qf3 Qxc4 20. Ne4 f6 21. Nf4 Nc7 22. Rfc1 Qb3 23. Bc3 Nc4 24. Rcb1 Qc2 25. Rc1 Qb3 26. Rcb1 Qc2 27. Rc1 1/2-1/2

[Event "Alsace-Baden m"]
[Site "Gambsheim"]
[Date "2011.09.18"]
[Round "?"]
[White "Schmitt, Andre"]
[Black "Pfrommer, Christoph"]
[Result "0-1"]
[WhiteElo "2308"]
[BlackElo "2353"]
[PlyCount "79"]
[EventDate "2011.09.18"]
[EventType "team-match"]
[EventRounds "1"]
[EventCountry "FRA"]
[SourceTitle "CBM 144 Extra"]
[Source "ChessBase"]
[SourceDate "2011.10.28"]
[SourceVersion "1"]
[SourceVersionDate "2011.10.28"]
[SourceQuality "1"]
[WhiteTeam "Alsace"]
[BlackTeam "Baden"]
[WhiteTeamCountry "FRA"]
[BlackTeamCountry "GER"]

1. b4 e5 2. a3 d5 3. Bb2 Bd6 4. e3 Nf6 5. c4 c6 6. Nc3 a6 7. d4 Bg4 8. Nf3 Nbd7 9. h3 Bxf3 10. gxf3 0-0 11. dxe5 Nxe5 12. cxd5 cxd5 13. Rg1 Re8 14. f4 Ng6 15. Ne2 Rc8 16. Rc1 Rxc1 17. Qxc1 a5 18. b5 Ne4 19. Bg2 Bf8 20. Kf1 Qd7 21. Nd4 Nh4 22. Bxe4 dxe4 23. Rg4 Nf3 24. Kg2 Nxd4 25. Bxd4 Qxb5 26. Qa1 g6 27. a4 Qb3 28. f5 Qd5 29. fxg6 fxg6 30. Qb1 Bd6 31. Qb6 Rf8 32. Ba1 Qd2 33. Qb3+ Rf7 34. Rf4 Bxf4 35. exf4 Qxf4 36. Qb2 Kf8 37. Qh8+ Ke7 38. Qd4 Rf5 39. Kg1 Qg5+ 40. Kf1 0-1

[Event "FRA-chT Top 16 GpB"]
[Site "France"]
[Date "2006.04.02"]
[Round "7"]
[White "Siebrecht, Sebastian"]
[Black "Schmitt, Andre"]
[Result "1-0"]
[WhiteElo "2429"]
[BlackElo "2282"]
[PlyCount "51"]
[EventDate "2006.03.03"]
[EventType "team-tourn"]
[EventRounds "7"]
[EventCountry "FRA"]
[SourceTitle "CBM 111 Extra"]
[Source "ChessBase"]
[SourceDate "2006.05.09"]
[SourceVersion "1"]
[SourceVersionDate "2006.05.09"]
[SourceQuality "1"]
[WhiteTeam "Cannes"]
[BlackTeam "Bischwiller"]
[WhiteTeamCountry "FRA"]
[BlackTeamCountry "FRA"]

1. d4 Nf6 2. Nf3 g6 3. c4 Bg7 4. Nc3 d5 5. Bg5 c5 6. dxc5 Qa5 7. Bxf6 Bxf6 8. cxd5 0-0 9. Nd2 Na6 10. Nde4 Bxc3+ 11. Nxc3 Nxc5 12. g3 Ne4 13. Qd4 Nxc3 14. bxc3 Bd7 15. Bg2 Rac8 16. Rc1 Qxa2 17. 0-0 Bb5 18. Rfe1 Rc4 19. Qe5 Qa3 20. d6 Bc6 21. Qxe7 Rxc3 22. Ra1 Qc5 23. Bxc6 Qxc6 24. d7 Qc7 25. Rxa7 Rc6 26. Rxb7 1-0

[Event "FRA-chT2D 0506"]
[Site "France"]
[Date "2006.01.15"]
[Round "6.1"]
[White "Gulbas, Cemil"]
[Black "Schmitt, Andre"]
[Result "0-1"]
[WhiteElo "2375"]
[BlackElo "2282"]
[PlyCount "122"]
[EventDate "2005.10.27"]
[EventType "team-tourn"]
[EventRounds "11"]
[EventCountry "FRA"]
[SourceTitle "EXT 2006"]
[Source "ChessBase"]
[SourceDate "2005.11.24"]
[SourceVersion "1"]
[SourceVersionDate "2005.11.24"]
[SourceQuality "1"]
[WhiteTeam "Chalon"]
[BlackTeam "Bischwiller"]
[WhiteTeamCountry "FRA"]
[BlackTeamCountry "FRA"]

1. e4 c5 2. Nf3 Nc6 3. d4 cxd4 4. Nxd4 g6 5. Nc3 Bg7 6. Be3 Nf6 7. Bc4 0-0 8. Bb3 d6 9. f3 Bd7 10. Qd2 Nxd4 11. Bxd4 b5 12. a3 a5 13. 0-0 Bc6 14. Rfe1 Nd7 15. Bd5 Bxd4+ 16. Qxd4 Rc8 17. Re2 Qc7 18. Rd1 Rfe8 19. Kh1 Qb7 20. Bxc6 Rxc6 21. Nd5 Rc4 22. Qd2 Qa7 23. Qg5 Nb6 24. Qe3 Rc5 25. Nf4 Rec8 26. c3 Qb7 27. Nd3 R5c7 28. Qh6 Nd7 29. f4 Rc4 30. Rde1 Nc5 31. Nf2 b4 32. cxb4 axb4 33. e5 dxe5 34. Rxe5 Rc2 35. Kg1 Rxf2 36. Kxf2 Nd3+ 37. Kf1 Nxe1 38. Rxe1 bxa3 39. bxa3 Qa6+ 40. Kg1 Qxa3 41. Qh4 e6 42. h3 Qb2 43. Rd1 Kg7 44. Qf2 Rc2 45. Qd4+ Qxd4+ 46. Rxd4 h6 47. Kh2 g5 48. fxg5 hxg5 49. h4 gxh4 50. Rxh4 e5 51. Ra4 Kg6 52. Kg3 Kg5 53. Kf3 f5 54. Ra8 e4+ 55. Ke3 Rc3+ 56. Kd4 Rb3 57. Ra2 Kg4 58. Rf2 e3 59. Ra2 f4 60. Kc4 Rb8 61. Kd3 Kg3 0-1

[Event "FRA-chT N1"]
[Site "France"]
[Date "2005.05.06"]
[Round "9.3"]
[White "Schmitt, Andre"]
[Black "Bogdanov, Emil"]
[Result "0-1"]
[WhiteElo "2226"]
[BlackElo "2250"]
[PlyCount "80"]
[EventDate "2005.05.05"]
[EventType "team"]
[EventRounds "11"]
[EventCountry "FRA"]
[SourceTitle "EXT 2006"]
[Source "ChessBase"]
[SourceDate "2005.11.24"]
[SourceVersion "1"]
[SourceVersionDate "2005.11.24"]
[SourceQuality "1"]

1. e4 c5 2. Nf3 e6 3. c3 Nf6 4. e5 Nd5 5. d4 cxd4 6. cxd4 d6 7. Bc4 Nc6 8. 0-0 Be7 9. Qe2 0-0 10. Qe4 Bd7 11. a3 Rc8 12. Bd3 f5 13. exf6 Nxf6 14. Qh4 d5 15. Bg5 h6 16. Be3 Ne4 17. Qh5 Rf5 18. Qg6 Rf6 19. Qh5 Be8 20. Qh3 Bg6 21. Ne5 Bf5 22. Qh5 Bd6 23. Nxc6 Rxc6 24. Qe2 Rg6 25. f4 Qh4 26. Nd2 Nxd2 27. Bxd2 Qh3 28. Bxf5 Qxf5 29. Rac1 Rc2 30. Rxc2 Qxc2 31. b4 Kh7 32. Qe3 Rf6 33. g3 Qg6 34. b5 Rf7 35. Bb4 Bxb4 36. axb4 Rc7 37. Re1 Rc4 38. Qxe6 Qxe6 39. Rxe6 Rxb4 40. b6 Rxb6 0-1

[Event "FRA-chT Poule Basse"]
[Site "Belfort"]
[Date "2004.05.09"]
[Round "9"]
[White "Schenk, Andreas"]
[Black "Schmitt, Andre"]
[Result "1/2-1/2"]
[WhiteElo "2499"]
[BlackElo "2267"]
[PlyCount "39"]
[EventDate "2004.05.08"]
[EventType "team-tourn"]
[EventRounds "4"]
[EventCountry "FRA"]
[SourceTitle "EXT 2005"]
[Source "ChessBase"]
[SourceDate "2004.11.15"]
[SourceVersion "1"]
[SourceVersionDate "2004.11.15"]
[SourceQuality "1"]
[WhiteTeam "Bischwiller"]
[BlackTeam "Lille"]
[WhiteTeamCountry "FRA"]
[BlackTeamCountry "FRA"]

1. d4 Nf6 2. Bg5 e6 3. e4 h6 4. Bxf6 Qxf6 5. Nc3 Bb4 6. Qd2 c5 7. dxc5 Bxc5 8. Nf3 Nc6 9. Bb5 Nd4 10. Nxd4 Qxd4 11. Bd3 Bb4 12. 0-0 Bxc3 13. bxc3 Qc5 14. Rab1 a6 15. Rb4 d6 16. Rc4 Qb6 17. Rb4 Qc5 18. Rc4 Qb6 19. Rb4 Qc5 20. Rc4 1/2-1/2

[Event "FRA-chT Gp-B"]
[Site "France"]
[Date "2004.04.04"]
[Round "7"]
[White "Sakelsek, Tadej"]
[Black "Schmitt, Andre"]
[Result "1/2-1/2"]
[WhiteElo "2374"]
[BlackElo "2267"]
[PlyCount "87"]
[EventDate "2004.01.30"]
[EventType "team"]
[EventRounds "7"]
[EventCountry "FRA"]
[SourceTitle "EXT 2005"]
[Source "ChessBase"]
[SourceDate "2004.11.15"]
[SourceVersion "1"]
[SourceVersionDate "2004.11.15"]
[SourceQuality "1"]
[WhiteTeam "Strasbourg"]
[BlackTeam "Lille"]
[WhiteTeamCountry "FRA"]
[BlackTeamCountry "FRA"]

1. e4 c5 2. Nf3 Nc6 3. d4 cxd4 4. Nxd4 g6 5. c4 Bg7 6. Be3 Nf6 7. Nc3 d6 8. Be2 0-0 9. 0-0 Re8 10. Qd2 Ng4 11. Bxg4 Bxg4 12. f3 Bd7 13. Rfd1 a6 14. Rac1 Rc8 15. Nde2 Ne5 16. b3 Bc6 17. Nd4 Qa5 18. Rc2 e6 19. Qf2 b5 20. cxb5 axb5 21. Qd2 b4 22. Nxc6 Rxc6 23. Na4 Rec8 24. Rdc1 d5 25. Rxc6 Rxc6 26. Rxc6 Nxc6 27. exd5 exd5 28. Bc5 d4 29. Qe2 Qd8 30. Nb2 Bf8 31. Bxf8 Kxf8 32. Qc4 Qd6 33. Nd3 Kg7 34. Kf1 Kf6 35. Qc5 Qxc5 36. Nxc5 Ke5 37. Ke2 h6 38. g3 Kd5 39. Nd3 g5 40. Kf2 f6 41. Ke2 f5 42. h3 Ke6 43. h4 Kd5 44. Kf2 1/2-1/2

[Event "FRA-chT Gp-B"]
[Site "France"]
[Date "2004.04.03"]
[Round "6"]
[White "Fontaine, Robert"]
[Black "Schmitt, Andre"]
[Result "1/2-1/2"]
[WhiteElo "2532"]
[BlackElo "2267"]
[PlyCount "138"]
[EventDate "2004.01.30"]
[EventType "team"]
[EventRounds "7"]
[EventCountry "FRA"]
[SourceTitle "EXT 2005"]
[Source "ChessBase"]
[SourceDate "2004.11.15"]
[SourceVersion "1"]
[SourceVersionDate "2004.11.15"]
[SourceQuality "1"]
[WhiteTeam "Cannes"]
[BlackTeam "Lille"]
[WhiteTeamCountry "FRA"]
[BlackTeamCountry "FRA"]

1. e4 c5 2. Nc3 g6 3. d4 cxd4 4. Qxd4 Nf6 5. Nf3 Nc6 6. Qa4 d6 7. e5 dxe5 8. Nxe5 Bd7 9. Nxd7 Qxd7 10. Be3 Bg7 11. Be2 0-0 12. Rd1 Qf5 13. 0-0 a6 14. g4 Qc8 15. g5 Nd7 16. Nd5 Re8 17. c3 e6 18. Nb6 Nxb6 19. Bxb6 Be5 20. Bf3 Bc7 21. Be3 Rd8 22. h4 Rxd1 23. Rxd1 Qe8 24. b4 Rd8 25. Rxd8 Qxd8 26. b5 axb5 27. Qxb5 Na5 28. Bd4 e5 29. Bxe5 Bxe5 30. Qxe5 Nc6 31. Qf6 Qc7 32. Bd5 Ne5 33. Kf1 b6 34. Ke2 Ng4 35. Qd4 Ne5 36. f4 Nd7 37. Kd2 b5 38. Qe4 Kf8 39. Kc2 Nb6 40. Bb3 Nc4 41. a4 Nd6 42. Qe5 bxa4 43. Bxa4 Qb6 44. Qh8+ Ke7 45. Qf6+ Kf8 46. h5 gxh5 47. Qh8+ Ke7 48. Qe5+ Kf8 49. Bb3 Qc6 50. Bd5 Qc5 51. Kd3 Qb5+ 52. c4 Qb3+ 53. Ke2 Qc2+ 54. Kf1 Qd1+ 55. Kf2 Qd2+ 56. Kg1 Qd1+ 57. Kh2 Qd2+ 58. Kh3 Qd3+ 59. Kg2 Qd2+ 60. Kf3 Qd3+ 61. Kf2 Qd2+ 62. Kf1 Qd1+ 63. Qe1 Qd3+ 64. Qe2 Qd4 65. Qf2 Qd3+ 66. Kg1 Nf5 67. Kh2 Ne3 68. Bf3 Nxc4 69. Bxh5 Qd2 1/2-1/2

[Event "FRA-chT Gp-B"]
[Site "France"]
[Date "2004.04.01"]
[Round "4"]
[White "Schmitt, Andre"]
[Black "Touzane, Olivier"]
[Result "0-1"]
[WhiteElo "2267"]
[BlackElo "2347"]
[PlyCount "68"]
[EventDate "2004.01.30"]
[EventType "team"]
[EventRounds "7"]
[EventCountry "FRA"]
[SourceTitle "EXT 2005"]
[Source "ChessBase"]
[SourceDate "2004.11.15"]
[SourceVersion "1"]
[SourceVersionDate "2004.11.15"]
[SourceQuality "1"]
[WhiteTeam "Lille"]
[BlackTeam "Montpellier"]
[WhiteTeamCountry "FRA"]
[BlackTeamCountry "FRA"]

1. e4 e6 2. d4 d5 3. e5 c5 4. c3 Qb6 5. Nf3 Nc6 6. a3 Nh6 7. b4 cxd4 8. cxd4 Nf5 9. Be3 Be7 10. Bd3 0-0 11. 0-0 f6 12. b5 Na5 13. Nc3 Nxe3 14. fxe3 Bd7 15. Qb1 f5 16. Na4 Qd8 17. Nc5 b6 18. Nxd7 Qxd7 19. a4 Rac8 20. Qb2 g5 21. g3 g4 22. Ne1 Qc7 23. Ng2 Qc3 24. Qe2 Nb3 25. Nf4 Nxa1 26. Nxe6 h5 27. Nxf8 Rxf8 28. Bxf5 Kg7 29. Be6 Rxf1+ 30. Qxf1 Qxe3+ 31. Kg2 Qe4+ 32. Kg1 Qxd4+ 33. Kg2 Qe4+ 34. Kg1 Bc5+ 0-1

[Event "FRA-chT2"]
[Site "France"]
[Date "2002.03.10"]
[Round "9"]
[White "Schmitt, Andre"]
[Black "Gambee, Kevin"]
[Result "1-0"]
[WhiteElo "2264"]
[BlackElo "2154"]
[PlyCount "97"]
[EventDate "2002.??.??"]
[EventType "team"]
[EventRounds "11"]
[EventCountry "FRA"]
[SourceTitle "EXT 2003"]
[Source "ChessBase"]
[SourceDate "2002.11.25"]
[SourceVersion "1"]
[SourceVersionDate "2002.11.25"]
[SourceQuality "1"]
[WhiteTeam "Lille"]
[BlackTeam "Tourcoing"]
[WhiteTeamCountry "FRA"]
[BlackTeamCountry "FRA"]

1. e4 e6 2. d4 d5 3. e5 c5 4. c3 Nc6 5. Nf3 Bd7 6. Be2 f6 7. 0-0 cxd4 8. cxd4 fxe5 9. Nxe5 Nxe5 10. dxe5 Bc5 11. Bd3 Qh4 12. Nd2 Ne7 13. Nf3 Qh5 14. Qe2 0-0 15. Be3 Bxe3 16. Qxe3 Ng6 17. Bxg6 Qxg6 18. Rfc1 Rxf3 19. Qxf3 Bc6 20. Qg3 Qh5 21. Rc2 Rf8 22. Re1 Rf5 23. f4 Qf7 24. Rf2 Qe7 25. Qe3 Qb4 26. a3 Qa4 27. b4 a5 28. Qc3 axb4 29. axb4 Rf8 30. Qc5 Qb3 31. Qd6 Re8 32. f5 exf5 33. Rxf5 g6 34. Rf3 Qb2 35. e6 d4 36. Rf2 Qc3 37. Ref1 Qe3 38. Kh1 Qe4 39. Rf8+ Kg7 40. Qc7+ Kh6 41. Qf4+ Qxf4 42. R8xf4 Rxe6 43. Rxd4 Re2 44. Rg1 Kg5 45. h3 h5 46. Kh2 h4 47. Rg4+ Kh5 48. Rc1 Re5 49. Rc5 1-0

[Event "FRA-chT2"]
[Site "France"]
[Date "2002.01.19"]
[Round "5.5"]
[White "Schmitt, Andre"]
[Black "Trommsdorf, Fro"]
[Result "1-0"]
[WhiteElo "2264"]
[BlackElo "2210"]
[PlyCount "71"]
[EventDate "2002.??.??"]
[EventType "team"]
[EventRounds "11"]
[EventCountry "FRA"]
[SourceTitle "EXT 2003"]
[Source "ChessBase"]
[SourceDate "2002.11.25"]
[SourceVersion "1"]
[SourceVersionDate "2002.11.25"]
[SourceQuality "1"]

1. e4 d6 2. d4 e5 3. Nf3 Nd7 4. Nc3 Ngf6 5. Bc4 exd4 6. Qxd4 Nb6 7. e5 c5 8. Qf4 dxe5 9. Qxe5+ Be7 10. Bb5+ Nbd7 11. 0-0 0-0 12. Qe2 a6 13. Bd3 Re8 14. Bf4 Qb6 15. b3 Bd6 16. Qd2 Ne5 17. Bxe5 Bxe5 18. Rae1 Bxc3 19. Rxe8+ Nxe8 20. Qxc3 Nf6 21. Re1 Bg4 22. Bc4 Qd6 23. Ne5 Bh5 24. a4 Rd8 25. a5 Kf8 26. f3 Qd2 27. Qxd2 Rxd2 28. Bd3 Bg6 29. Nc4 Rxd3 30. cxd3 Bxd3 31. Nd6 Bc2 32. Re3 g6 33. Rc3 Bd1 34. Nxb7 Nd5 35. Rd3 Bxb3 36. Rxb3 1-0

[Event "FRA-chT"]
[Site "France"]
[Date "1995.??.??"]
[Round "3"]
[White "Elbilia, Jacques"]
[Black "Schmitt, Andre"]
[Result "0-1"]
[WhiteElo "2325"]
[BlackElo "2320"]
[PlyCount "58"]
[EventDate "1995.??.??"]
[EventType "team"]
[EventRounds "5"]
[EventCountry "FRA"]
[SourceTitle "EXT 2005"]
[Source "ChessBase"]
[SourceDate "2004.11.15"]
[SourceVersion "1"]
[SourceVersionDate "2004.11.15"]
[SourceQuality "1"]

1. d4 Nf6 2. c4 g6 3. Nc3 d5 4. cxd5 Nxd5 5. e4 Nxc3 6. bxc3 Bg7 7. Bc4 c5 8. Ne2 Nc6 9. Be3 0-0 10. 0-0 Na5 11. Bd3 b6 12. Qd2 Bb7 13. Bh6 e6 14. Bxg7 Kxg7 15. Qf4 Nc6 16. e5 cxd4 17. cxd4 f6 18. exf6+ Qxf6 19. Qe3 e5 20. dxe5 Nxe5 21. f4 Nxd3 22. Qxd3 Rad8 23. Qc2 Rc8 24. Qa4 Rf7 25. Rad1 Qc3 26. Ng3 Qc4 27. Qa3 Qc2 28. Nh5+ gxh5 29. Qe3 Rcc7 0-1

[Event "Eger"]
[Site "Eger"]
[Date "1994.??.??"]
[Round "1"]
[White "Krumpacnik, Domen"]
[Black "Schmitt, Andre"]
[Result "0-1"]
[WhiteElo "2405"]
[BlackElo "2285"]
[PlyCount "44"]
[EventDate "1994.??.??"]
[EventType "tourn"]
[EventRounds "11"]
[EventCountry "HUN"]
[EventCategory "4"]
[SourceTitle "EXT 1997"]
[Source "ChessBase"]
[SourceDate "1996.11.15"]
[SourceVersion "1"]
[SourceVersionDate "1996.11.15"]
[SourceQuality "1"]

1. d4 Nf6 2. c4 c6 3. Nc3 d5 4. Nf3 dxc4 5. a4 Bf5 6. e3 e6 7. Bxc4 Bb4 8. 0-0 0-0 9. Qe2 Nbd7 10. Rd1 Bg6 11. Na2 Bd6 12. Ne5 Qc7 13. Nxg6 hxg6 14. h3 c5 15. Nc3 Nb6 16. Nb5 Qb8 17. Nxd6 Qxd6 18. b3 Nxc4 19. Qxc4 Rfd8 20. Ba3 Rac8 21. Bxc5 Qd7 22. Qd3 Rxc5 0-1

[Event "FRA-chT"]
[Site "France"]
[Date "1994.??.??"]
[Round "?"]
[White "Roos, Jean Luc"]
[Black "Schmitt, Andre"]
[Result "1-0"]
[WhiteElo "2435"]
[BlackElo "2325"]
[PlyCount "57"]
[EventDate "1994.??.??"]
[EventType "team"]
[EventRounds "11"]
[EventCountry "FRA"]
[SourceTitle "TD"]
[Source "ChessBase"]
[SourceDate "1994.03.01"]
[SourceVersion "1"]
[SourceVersionDate "1994.03.01"]
[SourceQuality "1"]

1. d4 Nf6 2. c4 g6 3. Nf3 Bg7 4. g3 0-0 5. Bg2 d5 6. 0-0 Nc6 7. Nc3 dxc4 8. d5 Na5 9. Qa4 c6 10. dxc6 Nxc6 11. Qxc4 Qa5 12. Qh4 Rd8 13. Bh6 Qh5 14. Qxh5 Nxh5 15. Bxg7 Kxg7 16. Rfd1 Be6 17. Ng5 Bd7 18. Nge4 b6 19. Rac1 Be8 20. Nd5 Rac8 21. g4 e6 22. Ndc3 Nf4 23. Nd6 Rc7 24. Nxe8+ Rxe8 25. Nb5 Nxe2+ 26. Kf1 Nxc1 27. Nxc7 Re7 28. Rxc1 Nb4 29. Nb5 1-0

[Event "FRA-chT"]
[Site "France"]
[Date "1994.??.??"]
[Round "2"]
[White "Schmitt, Andre"]
[Black "Salov, Valery"]
[Result "0-1"]
[WhiteElo "2290"]
[BlackElo "2685"]
[PlyCount "56"]
[EventDate "1994.??.??"]
[EventType "team"]
[EventRounds "11"]
[EventCountry "FRA"]
[SourceTitle "EXT 2005"]
[Source "ChessBase"]
[SourceDate "2004.11.15"]
[SourceVersion "1"]
[SourceVersionDate "2004.11.15"]
[SourceQuality "1"]

1. e4 c5 2. c3 Nf6 3. e5 Nd5 4. d4 cxd4 5. Nf3 Nc6 6. Bc4 Nb6 7. Bb3 d5 8. exd6 Qxd6 9. 0-0 Be6 10. Na3 dxc3 11. Qe2 Bxb3 12. Nb5 Qb8 13. axb3 e5 14. Nbd4 Bd6 15. Nf5 g6 16. Nxd6+ Qxd6 17. bxc3 f6 18. Ba3 Qe6 19. Nd4 Nxd4 20. cxd4 e4 21. Rac1 Nd5 22. Rfe1 Kf7 23. Qb5 Rab8 24. Qa5 Rhe8 25. Rc5 b6 26. Qxa7+ Kg8 27. Rb5 Qc6 28. Qa4 Nc3 0-1

[Event "Eger"]
[Site "Eger"]
[Date "1994.??.??"]
[Round "10"]
[White "Todor, Razvan"]
[Black "Schmitt, Andre"]
[Result "0-1"]
[WhiteElo "2165"]
[BlackElo "2285"]
[PlyCount "40"]
[EventDate "1994.??.??"]
[EventType "tourn"]
[EventRounds "11"]
[EventCountry "HUN"]
[EventCategory "4"]
[SourceTitle "EXT 1997"]
[Source "ChessBase"]
[SourceDate "1996.11.15"]
[SourceVersion "1"]
[SourceVersionDate "1996.11.15"]
[SourceQuality "1"]

1. e4 Nf6 2. Nc3 d5 3. exd5 Nxd5 4. Nf3 Bg4 5. Nxd5 Qxd5 6. Be2 Nc6 7. c3 e5 8. d3 Be7 9. Qa4 Bd7 10. Qb3 Qxb3 11. axb3 0-0 12. b4 a6 13. 0-0 Rad8 14. Be3 Bf6 15. Nd2 Bf5 16. Ne4 Be7 17. Rfd1 Rd7 18. Rd2 Rfd8 19. Rad1 Bg6 20. Bc5 Bxe4 0-1